000 00788nam a2200265Ia 4500
003 OSt
005 20220918164312.0
006 a|||||r|||| 00| 0
007 ta
008 220917b |||||||| |||| 00| 0 eng d
020 _a0521366542
024 _a4,218
037 _cTextual
040 _aARTS
_cARTS
_beng
041 _2eng
_aeng
082 _aO111973,3:g, M9
100 _aLevine Robert S.
_918183
245 0 _aConspiracy and romance
_b Studies in Brockden Brown Cooper, Howthorne and Melville
260 _aCambridge
_bCUP
_c1989
300 _aix,302p-
_ccm.
490 _aCambridge studies in American literature and culture
650 _aENGLISH LITERATURE
942 _hO111973,3:g, M9
_cTEXL
_2CC
999 _c124116
_d124116